000 00688nam a2200253 i 4500
001 C2-0095205
003 PPAK
005 20180727093008.0
008 970515s1982 enk |||| ||||| | eng d
020 _a0582470080
040 _aPPAK
_beng
_cPPAK
_erda
082 0 4 _a001.4220321
_223
090 0 0 _a001.4220321
_bKEN
_dG
100 1 _aKendall, Maurice G. Sir,
_eauthor
245 1 2 _aA dictionary of statistical terms
250 _a4yh. Edition.
264 1 _aLondon :
_bLongman ,
_c1982
300 _a213 pages ;
_c25 cm
336 _2rdacontent
_atext
337 _2rdamedia
_aunmediated
338 _2rdacarrier
_avolume
650 1 0 _aStatistics - Dictionaries
942 _ddc
_cB
999 _c20063
_d20063